| 000 | 01103cam a22002771 4500 | ||
|---|---|---|---|
| 001 | sd 65000003 | ||
| 003 | DLC | ||
| 005 | 20260227112737.0 | ||
| 008 | 771007s1965 dcu f000 0 eng c | ||
| 010 | _asd 65000003 | ||
| 035 | _a(OCoLC)3324765 | ||
| 040 |
_aU. S. Dept. of State _cMH _dOCoLC _dDLC |
||
| 042 | _apremarc | ||
| 050 | 0 | 0 |
_aE840 _b.B3 |
| 100 | 1 | _aBall, George W. | |
| 245 | 1 | 4 | _aThe dangers of nostalgia. |
| 260 |
_a[Washington] _bDept. of State; [for sale by the Superintendent of Documents, U.S. Govt. Print. Off., _c1965] |
||
| 300 |
_a15 p. _c19 cm. |
||
| 490 | 1 |
_aDepartment of State publication 7858. General foreign policy series, _v201 |
|
| 500 | _aCover title. | ||
| 500 | _a"Based on an address ... before the National Foreign Policy Conference for Nongovernmental Organizations at Washington, D. C., on March 16, 1965." | ||
| 651 | 0 |
_aUnited States _xForeign relations _y1961-1963. |
|
| 651 | 0 |
_aUnited States _xForeign relations _y1963-1969. |
|
| 650 | 0 |
_aWorld politics _y1955-1965. |
|
| 830 | 0 |
_aDepartment of State publication. _pGeneral foreign policy series ; _v201. |
|
| 999 |
_c90100 _d90100 |
||